Vista normal Vista MARC

Entrada Personal Name

Número de registros utilizados en: 1

001 - CONTROL NUMBER

  • control field: 4121

003 - CONTROL NUMBER IDENTIFIER

  • control field: OSt

005 - DATE AND TIME OF LATEST TRANSACTION

  • control field: 20210920175943.0

008 - FIXED-LENGTH DATA ELEMENTS

  • fixed length control field: 860211i| anannbabn |a ana

040 ## - CATALOGING SOURCE

  • Original cataloging agency: Co-BoUCM

100 ## - HEADING--PERSONAL NAME

  • Personal name: Restrepo G., Jorge Emilio

670 ## - SOURCE DATA FOUND

  • Source citation: Gastroenterología Hepatología-Nutrición, 1990
  • Information found: t.p. (Jorge Emilio Restrepo G.)